000 00444 a2200157 4500
005 20250621115155.0
020 _a978-0-13-175434-8
082 _a658.84 KEE
100 _aKEEGAN, W. J.
245 _aGlobal Marketing
250 _a5th Ed.
260 _aNew Jersey,
_bPearson / Prentice-Hall,
_c2008.
300 _axxiv, 643p.: ill.; picture, table, figure, map,
_bGlossary & index,
_c27cm.
700 _aGREEN, M. C.
942 _2ddc
_cBKS
999 _c1458
_d1458